000
00301nam a22001217a 4500
020
_a
9788183212311
082
_a
631.458
_b
WAN/SO
100
_a
Wani, Mushtaq A
245
_a
Soil, plant and water analysis manual
260
_a
Udaipur
_b
Agrotech Publishing Academy
_c
2011
300
_a
344
942
_c
BK
999
_c
13713
_d
13713